NintendoLife's Top 50 DS Games - Statistics

General Stats
  • This quiz has been taken 13 times
  • The average score is 7 of 50
Answer Stats
Hint Answer % Correct
32 New Super Mario Bros.
100%
42 Pokemon Diamond/Pokemon Pearl
78%
10 Mario Kart DS
67%
5 Pokemon Black 2/Pokemon White 2
56%
8 Pokemon Black/Pokemon White
56%
1 Pokemon HeartGold/Pokemon SoulSilver
56%
3 Pokemon Platinum
56%
43 The Legend of Zelda: Phantom Hourglass
44%
16 Pokemon Mystery Dungeon: Explorers of Sky
22%
29 Pokemon Mystery Dungeon: Explorers of Time/Pokemon Mystery Dungeon: Explorers of Darkness
22%
17 Professor Layton and the Curious Village
22%
35 The Legend of Zelda: Spirit Tracks
22%
39 Advance Wars: Days of Ruin
11%
23 Advance Wars: Dual Strike
11%
22 Animal Crossing: Wild World
11%
2 Chrono Trigger
11%
45 Fire Emblem: Shadow Dragon
11%
46 Hotel Dusk: Room 215
11%
38 Pokemon Conquest
11%
20 Professor Layton and the Diabolical Box/Professor Layton and Pandora's Box
11%
12 Professor Layton and the Unwound Future/Professor Layton and the Lost Future
11%
37 Rhythm Heaven
11%
19 999: Nine Hours, Nine Persons, Nine Doors
0%
34 Apollo Justice: Ace Attorney
0%
15 Castlevania: Dawn of Sorrow
0%
14 Castlevania: Order of Ecclesia
0%
18 Castlevania: Portrait of Ruin
0%
26 Dragon Quest IV: Chapters of the Chosen
0%
13 Dragon Quest IX: Sentinels of the Starry Skies
0%
7 Dragon Quest V: Hand of the Heavenly Bride
0%
49 Dragon Quest VI: Realms of Revelation
0%
28 Final Fantasy IV
0%
48 Final Fantasy Tactics A2: Grimoire of the Rift
0%
30 Ghost Trick: Phantom Detective
0%
40 Golden Sun: Dark Dawn
0%
50 Grand Theft Auto: Chinatown Wars
0%
6 Kirby Super Star Ultra
0%
44 Last Window: The Secret of Cape West
0%
9 Mario and Luigi: Bowser's Inside Story
0%
33 Mario and Luigi: Partners In Time
0%
11 Phoenix Wright: Ace Attorney
0%
4 Phoenix Wright: Ace Attorney - Trials and Tribulations
0%
25 Professor Layton and the Last Specter/Professor Layton and the Spectre's Call
0%
41 Radiant Historia
0%
47 Resident Evil: Deadly Silence
0%
21 Shin Megami Tensei: Devil Survivor
0%
31 Shin Megami Tensei: Devil Survivor 2
0%
27 Shin Megami Tensei: Strange Journey
0%
36 Tetris DS
0%
24 The World Ends With You
0%
No matching quizzes found
Score Distribution
Percent of People with Each Score
Percentile by Number Answered
Your Score History
You have not taken this quiz